00571nam a2200181Ii 45000010005000000030009000050080041000140400033000550410008000880820015000961000020001112450094001312640071002253000012002963360026003083370028003343380027003624221CO-ViMGA241108s9999||||xx |||||||||||||| ||und|| aCO-ViMGAbspaerdacCO-ViMGA0 aunk04a526.6-R8931 aDarío Rozo M.10aAstronomía y Geodesia:bCon teoría de los errores mínimos cuadrados y cartografía 1a[Lugar de publicación no identificado] : Editorial Minerva, 1945 avolumen atextbtxt2rdacontent aunmediatedbn2rdamedia avolumebnc2rdacarrier